Normal view
MARC view
Entry Topical Term
001 - CONTROL NUMBER
- control field: 22955
003 - CONTROL NUMBER IDENTIFIER
- control field: dpl
005 - DATE AND TIME OF LATEST TRANSACTION
- control field: 20101006114630.0
008 - FIXED-LENGTH DATA ELEMENTS
- fixed length control field: 101006|||a|||||| | ||| d
040 ## - CATALOGING SOURCE
- Original cataloging agency: dpl
- Transcribing agency: dpl
150 ## - HEADING--TOPICAL TERM
- Topical term or geographic name as entry element:
670 ## - SOURCE DATA FOUND
- Source citation: Work cat.: (dpl)34305: बेक्कर, स्डेंका 22953, ब्राटीस्लावा की परायी बेटियाँ, 2009
670 ## - SOURCE DATA FOUND
- Source citation: Work cat.: (dpl)34305: बेक्कर, स्डेंका 22953, ब्राटीस्लावा की परायी बेटियाँ, 2009
